00335nam a2200109Ia 4500008004100000041000800041082001700049100004700066245004100113260006300154300000800217231228s2009 xx 000 0 und d aeng a658 .15bBRI aBRIGHAM (Eugene F.)/ EHRHARDT (Michael C.) aFinancial Management: Text and Cases aNew DelhibCengage Learning India Pvt. Ltd New Delhic2009 a802